000 00448nam a2200169 4500
001 114308
003 ES-MaACL
005 20230906190126.0
007 t|
008 061121s1970 sp r ||||1| spa d
100 0 _aPallejá, Jorge de.
_988593
245 1 3 _aEl despertar /
_cJorge de Pallejá.
250 _a[1ª ed.].
260 _aBarcelona :
_bLuis de Caralt,
_c1970.
300 _a284 p. ;
_c21 cm.
852 _aES-MaACL
_jC-39629
_bR.75749
999 _c114308
_d114308